000 02686nam a2200289 a 4500
001 000022333
003 DO-SdBNP
005 20250621074006.0
008 090331s1984 dr 000 0 spa d
040 _aDO-SdBNP
_bspa
_cBNPHU
082 _a301
_bC352e, 1984
100 1 _aCastillo, José del
_92145
245 1 0 _aEnsayos de sociología dominicana /
_cJosé del Castillo.
250 _a2a ed.
260 _aSanto Domingo :
_bTaller,
_c1984.
300 _a210 p. ;
_c21cm.
490 1 0 _aBiblioteca Taller
_v164
505 0 _aDedicatoria Reconocimiento -- Prólogo -- Política-- Elecciones -- El comportamiento electoral dominicano -- Elecciones del 62 : entre conservación y reforma -- Elecciones del 66 : entre la guerra y la paz -- El fantasma de la reelección -- La antesala agraria de la reelección -- El desacuerdo del acuerdo -- Atrapado por los cambios -- El desgaste del modelo -- La viabilidad del cambio -- BALAGUER Autorretrato hablado de Joaquin Balaguer -- Balaguer y el autoritarismo corporativo -- PRD PRD : conflicto de élites y carismas -- El problema del carisma -- Alianzas políticas y escisión del PRD -- El caso del PRD en el contexto latinoamericano -- PARTIDOS Las tendencias centrífugas de la política dominicana -- SINDICATOS La atomización del movimiento sindical -- El empresario a la palestra -- Sociedad -- Braceros -- El problema de los braceros : orígenes -- Nuestra dependencia del bracero haitiano -- La paradoja d ela zafra -- El factor humano en la caña -- Las lecciones del corte tradicional modificado -- El habitat del bracer -- La dominicanización de la zafra -- Cambios sociales -- La velocidad del cambio -- La explosión urbana -- Prejuicio racial
505 0 _aLa frontera invisible del prejuicio --Dominicanos ausentes -- Parámetros presentes de los dominicanos ausentes -- Los dominicanos ausentes y el derecho al voto -- Historia --Imigraciones -- El sueño dorado de las migraciones blancas -- Hostos y la panacea migratoria -- La inmigración amarilla -- Imágenes dominicanas del haitiano -- La inmigración haitiana : orígenes -- Demografía de la inmigración haitiana -- Meriño -- Meriño y el pensamiento conservador dominicano -- El sacerdote se calza de botas -- Comunicación y política -- El telégrafo maquiavélico -- Trabao y ocio -- Nuestra proverbial haraganería.
590 _aInventariado, 2018/VM
600 1 0 _a Balaguer, Joaquín,
_d1906-2002
_976556
651 1 4 _aRepública Dominicana
_xCondiciones sociales
_946
651 1 0 _aRepública Dominicana
_xPolítica y gobierno
_945
830 0 _aBiblioteca Taller
_n164
_946092
910 _aValidado. Control de calidad MFF
942 _2ddc
_cLBS1
999 _c21831
_d21831